00274nam a22001217a 4500003000400000005001700004008004100021020001500062040000800077082001000085100001600095245004100111OSt20220207143037.0220207b |||||||| |||| 00| 0 eng d a818842921X cH U a621.8 aSrinivas J. aMechanisms And Dynamics Of Machinery